Courtyard Houses Of India (Record no. 367529)

MARC details
000 -LEADER
fixed length control field 00370 a2200145 4500
005 - DATE AND TIME OF LATEST TRANSACTION
control field 20250828162603.0
008 - FIXED-LENGTH DATA ELEMENTS--GENERAL INFORMATION
fixed length control field 250828b |||||||| |||| 00| 0 eng d
020 ## - INTERNATIONAL STANDARD BOOK NUMBER
International Standard Book Number 9789385360091
082 ## - DEWEY DECIMAL CLASSIFICATION NUMBER
Classification number 728/PAN
100 ## - MAIN ENTRY--PERSONAL NAME
Author Pandya Y
245 ## - TITLE STATEMENT
Title Courtyard Houses Of India
260 ## - PUBLICATION, DISTRIBUTION, ETC.
Name of publisher, distributor, etc. Mapin Publishing PVT Ltd
Date of publication, distribution, etc. 2022
Place of publication, distribution, etc. Ahmedabad
300 ## - PHYSICAL DESCRIPTION
Extent 468p
Other physical details HB
942 ## - ADDED ENTRY ELEMENTS (KOHA)
Koha item type Books
Holdings
Withdrawn status Lost status Source of classification or shelving scheme Damaged status Not for loan Collection code Home library Current library Date acquired Vendor Net Price Total Checkouts Full call number Barcode Date last seen Date last checked out Actual Price Bill Date Koha item type
    Dewey Decimal Classification     Book of B Arch Dr. Bhanuben Nanavati College of Architecture Dr. Bhanuben Nanavati College of Architecture 28/08/2025 169 2835.00 2 728/PAN BNCA-BK-13193 07/11/2025 31/10/2025 4500.00 28/08/2025 Books